000 00625nam a2200229Ia 4500
003 OSt
005 20251117100011.0
008 210210b2006 xxu||||| |||| 00| 0 eng d
040 _cAL
041 _aKannada
082 _aK894.3 PADM
100 _aPADMA GURURAJ
_dಪದ್ಮಾ ಗುರುರಾಜ್‌
_9245792
245 _aManasu mandara
_bಮನಸು ಮಂದಾರ
260 _aBengaluru
_bAkshaya Prakashana
_c2006
300 _a115
650 _amandara
_9245793
650 _aManasu
_9245794
650 _aKadambari
_9245795
690 _aKannada Fiction
_9245796
906 _a063143
942 _2ddc
_cBK
999 _c134557
_d134557